Premier League Manchester United - Estadísticas

Estadísticas generales
  • Esta prueba ha sido intentada 132 veces
  • La puntuación promedio es 6 de 10
Estadísticas de respuestas
# GOLES RESPUESTAS PAIS % Correcto
1 183 WAYNE ROONEY INGLATERRA
93%
4 103 CRISITIANO RONALDO PORTUGAL
92%
2 108 RYAN GIGGS GALES
83%
5 95 VAN NISTELROOY PAISES BAJOS
61%
9 64 ERIC CANTONA FRANCIA
57%
3 107 PAUL SCHOLES INGLATERRA
57%
10 63 ANTONHY MARTIAL FRANCIA
51%
8 87 MARCUS RASHFORD INGLATERRA
49%
7 91 OLE SOLSKJAER NORUEGA
47%
6 93 ANDY COLE INGLATERRA
30%
No se encontraron pruebas coincidentes
Distribución de puntuación
Porcentaje de gente con cada puntuación
Porcentaje por número respondido
Historial de tus puntuaciones
No has intentado esta prueba.